000 00454nam a2200133 a 4500
008 120416s1957 ||||||||||||||||| || u
050 _aNA 7736.V5 Mon
100 _aMontgon, Adhemar, comte de
245 1 0 _aVersailles
260 _aParis
_bF. Nathan
_c1957
300 _a160p. : ill.
350 _a0.00
995 _D0.00
_FCBU-MAIN LIBRARY (Kitwe)
_H1
_I0.00
_M1
_UDAMAGED
_ZMain Library Open Access Collection
999 _c61281
_d61281